Credit Analysis Cashflow Projections (Record no. 484675)

MARC details
000 -LEADER
fixed length control field 00703nam a2200241Ia 4500
008 - FIXED-LENGTH DATA ELEMENTS--GENERAL INFORMATION
fixed length control field 100315s9999 xx 000 0 und d
020 ## - INTERNATIONAL STANDARD BOOK NUMBER
International Standard Book Number 1897613008 
040 ## - CATALOGING SOURCE
Transcribing agency ENGLISH 
082 ## - DEWEY DECIMAL CLASSIFICATION NUMBER
Item number 9941 
Classification number 332.7 
100 ## - MAIN ENTRY--PERSONAL NAME
Personal name "Gardner, DC "
245 ## - TITLE STATEMENT
Title Credit Analysis Cashflow Projections
260 ## - PUBLICATION, DISTRIBUTION, ETC. (IMPRINT)
Place of publication, distribution, etc London 
Name of publisher, distributor, etc Dc Gardner Group  
Date of publication, distribution, etc 1992 
300 ## - PHYSICAL DESCRIPTION
Extent 44 
365 ## - TRADE PRICE
Price note Rupees 
Unit of pricing
Price amount 0.00 
366 ## - TRADE AVAILABILITY INFORMATION
Publishers' discount category
505 ## - FORMATTED CONTENTS NOTE
Miscellaneous information Vaibhav Gaikwad 
530 ## - ADDITIONAL PHYSICAL FORM AVAILABLE NOTE
Availability source Donated By Library  
620 ## -
-- "Credit Analysis, Cash, Economic, RBI Book "
630 ## - SUBJECT ADDED ENTRY--UNIFORM TITLE
Uniform title Credit Analysis Cashflow Projections
650 ## - SUBJECT ADDED ENTRY--TOPICAL TERM
Topical term or geographic name as entry element ECONOMIC 
730 ## - ADDED ENTRY--UNIFORM TITLE
Uniform title Credit Analysis Cashflow Projections
942 ## - ADDED ENTRY ELEMENTS (KOHA)
Koha item type Book
Holdings
Withdrawn status Lost status Damaged status Not for loan Home library Current library Date acquired Cost, normal purchase price Total Checkouts Full call number Barcode Date last seen Price effective from Koha item type
        Dr. V. N. Bedekar Institute of Management Studies Library Dr. V. N. Bedekar Institute of Management Studies Library 07/02/2009 0.00   332.7 /GAR  9941  VPMBRIMS-9941  03/19/2010 03/19/2010 Book